| 000 | 00829cam a2200241Ia 4500 | ||
|---|---|---|---|
| 999 |
_c9034 _d9034 |
||
| 001 | 36432841 | ||
| 003 | OCoLC | ||
| 005 | 20241126110703.0 | ||
| 008 | 970224s1996 miu 000 0 eng d | ||
| 020 | _a0801021073 | ||
| 040 |
_aDRU _cDRU _dOCL _dTMS _dOCLCQ _dATH |
||
| 082 |
_a222.11061 _bROS |
||
| 090 |
_aBS1235 _b.R73 1996 |
||
| 090 |
_aBS1235 _b.R73 1996 |
||
| 100 | 1 |
_aRoss, Allen P. _915771 |
|
| 245 | 1 | 0 |
_aCreation and blessing : _ba guide to the study and exposition of the book of Genesis / _cAllen P. Ross. |
| 260 |
_aGrand Rapids, Mich. : _bBaker Books, _cc1996. |
||
| 300 |
_a744 p. ; _c24 cm. |
||
| 500 | _a"First paperback edition published 1996"--T.p. verso. | ||
| 504 | _aIncludes bibliographical references (p. 741-744). | ||
| 630 | 0 | 0 |
_aBible. _pGenesis _xCriticism, interpretation, etc. _9432 |
| 942 |
_2ddc _cBK _05 |
||